Bosnia and Herzegovina A-Z - Statistics

General Stats
  • This quiz has been taken 65 times
    61 since last reset
  • The average score is 10 of 24
Answer Stats
Letter Clue Answer % Correct
A Sea to which Bosnia and Herzegovina has access Adriatic Sea
100%
I Most prominent religion in Bosnia and Herzegovina Islam
70%
O Empire that ruled over Bosnia and Herzegovina from 15th to 19th century Ottoman Empire
64%
Y Country Bosnia and Herzegovina was part of from 1929 to 1992 Yugoslavia
64%
W Olympics held in Sarajevo in 1984 Winter Olympics
62%
G Assassin of the Archduke Franz Ferdinand, heir presumptive to the throne of Austria-Hungary Gavrilo Princip
55%
D Mountain range that runs through Bosnia and Herzegovina Dinaric Alps
51%
J Town which has the only waterfall in the world that is located in a city centre Jajce
49%
N The coldest river in the world Neretva
47%
T Name of the first Bosnian king Tvrtko I Kotromanić
43%
U Turquoise river and national park with the same name in northwestern Bosnia Una
43%
C Federal unit of Federation of Bosnia and Herzegovina Canton
42%
M The highest mountain peak of the country Maglić
40%
K National park in the north of the country, a former battleground during WWII Kozara
36%
F Order of Catholic Church, present in Bosnia and Herzegovina since 13th century Franciscan
30%
P One of the two remaining primeval forests in Europe, situated in National Park Sutjeska Perućica
30%
R Part of this municipality is an exclave of Bosnia and Herzegovina in Serbia Rudo
28%
B Municipality where the oldest written document/cenotaph on the territory of Bosnia and Herzegovina was found Bugojno
26%
L The largest karstic field ("kraško polje") in the world Livanjsko polje
23%
Z Mountain with 9 glacial lakes, situated in National Park Sutjeska Zelengora
23%
H One of the largest nature and bird reserves in Europe, situated in southern Herzegovina Hutovo Blato
21%
E Main export of Bosnia and Herzegovina Electricity
17%
S Town that sits on 9 rivers Sanski Most
17%
V Mountain on which Prokoško Lake is located Vranica
11%
No matching quizzes found
Score Distribution
Percent of People with Each Score
Percentile by Number Answered
Your Score History
You have not taken this quiz since the last reset